ENGINEERING DRAWING A COURSE FOR TECHNICAL SCHOOLS OF MECHACNICAL ENGINEERING (Record no. 584503)

000 -LEADER
fixed length control field 00300nam a22001097a 4500
082 ## - DEWEY DECIMAL CLASSIFICATION NUMBER
Classification number 604.2 BOG'E
100 ## - MAIN ENTRY--PERSONAL NAME
Personal name BOGOLYUBOV, S,VOINOV, A
9 (RLIN) 79459
245 ## - TITLE STATEMENT
Title ENGINEERING DRAWING A COURSE FOR TECHNICAL SCHOOLS OF MECHACNICAL ENGINEERING
260 ## - PUBLICATION, DISTRIBUTION, ETC.
Place of publication, distribution, etc. MOSCOW
Name of publisher, distributor, etc. MIR
Date of publication, distribution, etc. 1968
300 ## - PHYSICAL DESCRIPTION
Extent 348P
942 ## - ADDED ENTRY ELEMENTS (KOHA)
Koha item type Book
Holdings
Withdrawn status Lost status Damaged status Not for loan Permanent Location Current Location Shelving location Date acquired Total Checkouts Full call number Barcode Date last seen Price effective from Koha item type
        College of Electrical & Mechanical Engineering (CEME) College of Electrical & Mechanical Engineering (CEME) General Stacks 07/04/2017   604.2 BOG'E CEME-6600 06/28/2021 06/28/2021 Book
© 2023 Central Library, National University of Sciences and Technology. All Rights Reserved.